000 00480ntaaa2200181 4500
003 01
005 20251027201912.0
008 0714s1973 ag 01
040 _aAR-BaBN
_bspa
_cAR-BaBN
_eaacr
_dRIC
082 _a244.1000 R27
100 _aReid, John Calvin
_917575
245 _aParables form nature
250 _a1 ed.
260 _aGrand Rapids :
_bWm. B. Eerdmans Publishing Co.,
_cc1954, 1957
300 _a89 p.
500 _ahistorias cristianas para niƱos
942 _cBK
999 _c13740
_d13740